Piano Adventures : (Registro nro. 63002)

Detalles MARC
000 -LEADER
campo de control de longitud fija 02385cam a22004214i 4500
003 - IDENTIFICADOR DE NÚMERO DE CONTROL
campo de control PE-LiUPU
005 - FECHA Y HORA DE LA ÚLTIMA TRANSACCIÓN
campo de control 20250731183450.0
008 - DATOS DE LONGITUD FIJA--INFORMACIÓN GENERAL
campo de control de longitud fija 20080101s2008 us a rb 000 0 eng d
020 ## - NÚMERO INTERNACIONAL ESTÁNDAR DEL LIBRO
Número Internacional Estándar del Libro 9781616776930
020 ## - NÚMERO INTERNACIONAL ESTÁNDAR DEL LIBRO
Número Internacional Estándar del Libro 9781616776947
035 ## - NÚMERO DE CONTROL DEL SISTEMA
Número de control de sistema PE-LiUPU2025018
040 ## - FUENTE DE CATALOGACIÓN
Centro catalogador/agencia de origen PE-LiUPU
Lengua de catalogación spa
Centro/agencia transcriptor PE-LiUPU
Normas de descripción rda
082 04 - NÚMERO DE LA CLASIFICACIÓN DECIMAL DEWEY
Número de clasificación 786.2193
Cutter F115p
Número de edición 23
100 1# - ENTRADA PRINCIPAL--NOMBRE DE PERSONA
Nombre de persona Faber, Nancy,
Término indicativo de función/relación autora.
9 (RLIN) 5703
245 10 - MENCIÓN DEL TÍTULO
Título Piano Adventures :
Resto del título El método básico para piano
Número de parte o sección de la obra N6 /
Mención de responsabilidad, etc. Nancy Faber, Randall Faber.
250 ## - MENCION DE EDICION
Mención de edición Primera edición.
264 #1 - PRODUCCIÓN, PUBLICACIÓN, DISTRIBUCIÓN, FABRICACIÓN Y COPYRIGHT
Producción, publicación, distribución, fabricación y copyright Ann Arbor, MI :
Nombre del de productor, editor, distribuidor, fabricante Faber Piano Adventures,
Fecha de producción, publicación, distribución, fabricación o copyright ©2018.
300 ## - DESCRIPCIÓN FÍSICA
Extensión 2 volúmenes :
Otras características físicas ilustraciones ;
Dimensiones 30 cm
336 ## - TIPO DE CONTENIDO
Término de tipo de contenido text
Fuente rdacontent
337 ## - TIPO DE MEDIO
Nombre/término del tipo de medio unmediated
Fuente rdamedia
338 ## - TIPO DE SOPORTE
Nombre/término del tipo de soporte volume
Fuente rdacarrier
490 0# - MENCIÓN DE SERIE
Mención de serie El método básico para piano
504 ## - NOTA DE BIBLIOGRAFÍA, ETC.
Nota de bibliografía, etc. Incluye pistas de audio disponibles en línea y CD según edición.
505 0# - NOTA DE CONTENIDO CON FORMATO
Título LECCIONES Y TEORÍA. LIBRO UNO DE DOS :
Nota de contenido con formato Ritmos de semicorcheas -- Tónica, subdominante y dominante -- Tres tipos de escalas menores -- Tonalidades de SOL mayor y MI menor -- Tonalidades de FA mayor y RE menor -- Tonalidades con sostenidos -- Tonalidades de LA mayor y MI mayor -- Tonalidades con bemoles -- Tonalidades de MI♭ mayor y DO menor -- Tonalidad con LA♭ mayor -- Reconocimiento de intervalos -- Arpegios de dos octavas.
505 0# - NOTA DE CONTENIDO CON FORMATO
Título TÉCNICA E INTERPRETACIÓN. LIBRO DOS DE DOS :
Nota de contenido con formato Cinco secretos técnicos -- Ritmos de semicorcheas -- Tónica, subdominante y dominante -- Tres tipos de escalas menores -- Tonalidades de SOL mayor y MI menor -- Tonalidades de FA mayor y RE menor -- Tonalidades con sostenidos -- Tonalidades de LA mayor y MI mayor -- Tonalidades con bemoles -- Tonalidades de MI♭ mayor y DO menor -- Tonalidad con LA♭ mayor -- Reconocimiento de intervalos -- Arpegios de dos octavas.
526 ## - NOTA DE INFORMACIÓN SOBRE EL PROGRAMA DE ESTUDIO
Nombre del programa Maestría Bim Facility Management (A distancia)
526 ## - NOTA DE INFORMACIÓN SOBRE EL PROGRAMA DE ESTUDIO
Nombre del programa
526 ## - NOTA DE INFORMACIÓN SOBRE EL PROGRAMA DE ESTUDIO
Nombre del programa Educación musical y artes
526 ## - NOTA DE INFORMACIÓN SOBRE EL PROGRAMA DE ESTUDIO
Nombre del programa Educación, especialidad educación física
526 ## - NOTA DE INFORMACIÓN SOBRE EL PROGRAMA DE ESTUDIO
Nombre del programa Arquitectura
650 14 - PUNTO DE ACCESO ADICIONAL DE MATERIA--TÉRMINO DE MATERIA
Término de materia o nombre geográfico como elemento de entrada Piano
Subdivisión general Métodos (Nivel elemental).
9 (RLIN) 5707
650 24 - PUNTO DE ACCESO ADICIONAL DE MATERIA--TÉRMINO DE MATERIA
Término de materia o nombre geográfico como elemento de entrada Piano
Subdivisión general Estudio y Enseñanza (Primaria)
9 (RLIN) 5708
700 ## - ENTRADA AGREGADA--NOMBRE PERSONAL
Nombre de persona Faber, Randall,
Término indicativo de función/relación autor.
9 (RLIN) 5706
856 40 - LOCALIZACIÓN Y ACCESO ELECTRÓNICOS
Identificador Uniforme de Recursos <a href="https://www.halleonard.com/product/420261/my-first-piano-adventure">https://www.halleonard.com/product/420261/my-first-piano-adventure</a>
Nota pública Sitio web del editor.
942 ## - ELEMENTOS DE ENTRADA SECUNDARIOS (KOHA)
Fuente del sistema de clasificación o colocación Clasificación Decimal Dewey
Tipo de ítem Koha Libros físicos
980 ## - EQUIVALENCIA O REFERENCIA-CRUZADA-MENCIÓN DE SERIE--NOMBRE DE PERSONA/TÍTULO [LOCAL, CANADÁ]
ID del usuario creador del registro 18226
Nombre del creador del registro Jaime Vilcazán Jefe de Análisis Documental
ID del último usuario que modificó el registro 1
Nombre del último usuario que modificó el registro ALBERTO SANCHEZ Responsable de Automatización
Existencias
Visto por última vez Total de préstamos Signatura topográfica completa Código de barras Fecha de entrega Fecha del último préstamo Copia número Coste, precio de reemplazo Fecha de reemplazo Facultad Tipo de ítem Koha Estado de pérdida Fuente del sistema de clasificación o colocación Especificación de materiales (volumen encuadernado u otra parte) Restricciones de uso No para préstamo Colección Programa académico Biblioteca de origen Biblioteca actual Ubicación en estantería Fecha de adquisición Fuente de adquisición Coste, precio normal de compra
2026-02-05 4 786.2193 F115p 82694 2026-12-31 2026-02-05 e1 17.51 2025-06-24 FACIHED Libros físicos No Perdido Clasificación Decimal Dewey N6 L1 No restringido Disponible para préstamos Colección General Educación musical y artes Biblioteca CRAI UPeU Lima Biblioteca CRAI UPeU Lima Sala principal 2025-06-20 Compra, Tienda Teatral 12.51
2026-02-05 4 786.2193 F115p 82695 2026-12-31 2026-02-05 e1 17.51 2025-06-24 FACIHED Libros físicos No Perdido Clasificación Decimal Dewey N6 L2 No restringido Disponible para préstamos Colección General Educación musical y artes Biblioteca CRAI UPeU Lima Biblioteca CRAI UPeU Lima Sala principal 2025-06-20 Compra, Tienda Teatral 12.51